BAFTA Film Award Nominees for Best Supporting Actor - Statistics

General Stats
  • This quiz has been taken 96 times
    24 since last reset
  • The average score is 137 of 261
Answer Stats
Year Film Actor % Correct
2019 Once Upon a Time in Hollywood Brad Pitt
95%
2008 Burn After Reading Brad Pitt
95%
2005 Brokeback Mountain Jake Gyllenhaal
95%
2023 Oppenheimer Robert Downey Jr.
95%
2008 Tropic Thunder Robert Downey Jr.
95%
2023 Barbie Ryan Gosling
95%
2019 A Beautiful Day in the Neighborhood Tom Hanks
95%
2018 BlacKkKlansman Adam Driver
89%
2013 American Hustle Bradley Cooper
89%
2002 Adaptation Chris Cooper
89%
2001 Shrek Eddie Murphy
89%
2024 A Complete Unknown Edward Norton
89%
2014 Birdman Edward Norton
89%
1996 Primal Fear Edward Norton
89%
2008 The Dark Knight Heath Ledger
89%
2000 Gladiator Joaquin Phoenix
89%
2018 Green Book Mahershala Ali
89%
2016 Moonlight Mahershala Ali
89%
1993 Schindler's List Ralph Fiennes
89%
2023 Killers of the Flower Moon Robert De Niro
89%
2025 One Battle After Another Sean Penn
89%
2019 The Irishman Al Pacino
84%
1990 Dick Tracy Al Pacino
84%
2025 One Battle After Another Benicio del Toro
84%
2015 Sicario Benicio del Toro
84%
2000 Traffic Benicio del Toro
84%
2012 Django Unchained Christoph Waltz
84%
2009 Inglourious Basterds Christoph Waltz
84%
2001 Bridget Jones's Diary Colin Firth
84%
2003 The Lord of the Rings: The Return of the King Ian McKellen
84%
2006 The Departed Jack Nicholson
84%
1989 Batman Jack Nicholson
84%
1982 Reds Jack Nicholson
84%
1969 Easy Rider Jack Nicholson
84%
2025 Frankenstein Jacob Elordi
84%
2023 Saltburn Jacob Elordi
84%
2012 Skyfall Javier Bardem
84%
2007 No Country for Old Men Javier Bardem
84%
2019 The Irishman Joe Pesci
84%
1994 Pulp Fiction Samuel L. Jackson
84%
2012 Argo Alan Arkin
79%
2006 Little Miss Sunshine Alan Arkin
79%
2010 The Social Network Andrew Garfield
79%
2019 The Two Popes Anthony Hopkins
79%
1968 The Lion in Winter Anthony Hopkins
79%
2015 The Big Short Christian Bale
79%
2010 The Fighter Christian Bale
79%
2005 Good Night, and Good Luck George Clooney
79%
2005 Syriana George Clooney
79%
2017 Paddington 2 Hugh Grant
79%
2016 Florence Foster Jenkins Hugh Grant
79%
2014 Whiplash J.K. Simmons
79%
2024 A Real Pain Kieran Culkin
79%
2013 Behind the Candelabra Matt Damon
79%
2025 Hamnet Paul Mescal
79%
2023 All of Us Strangers Paul Mescal
79%
2012 The Master Philip Seymour Hoffman
79%
2011 The Ides of March Philip Seymour Hoffman
79%
2008 Doubt Philip Seymour Hoffman
79%
2007 Charlie Wilson's War Philip Seymour Hoffman
79%
2018 Can You Ever Forgive Me? Richard E. Grant
79%
1996 Michael Collins Alan Rickman
74%
1995 Sense and Sensibility Alan Rickman
74%
1991 Robin Hood: Prince of Thieves Alan Rickman
74%
2009 It's Complicated Alec Baldwin
74%
2017 All the Money in the World Christopher Plummer
74%
2011 Beginners Christopher Plummer
74%
2002 The Hours Ed Harris
74%
1998 The Truman Show Ed Harris
74%
1982 Gandhi Edward Fox
74%
1977 A Bridge Too Far Edward Fox
74%
1971 The Go-Between Edward Fox
74%
2014 Boyhood Ethan Hawke
74%
1985 A Passage to India James Fox
74%
2004 Collateral Jamie Foxx
74%
1999 The Talented Mr. Ripley Jude Law
74%
2011 My Week with Marilyn Kenneth Branagh
74%
2015 Spotlight Mark Ruffalo
74%
2014 Foxcatcher Mark Ruffalo
74%
2010 The Kids Are All Right Mark Ruffalo
74%
2013 12 Years a Slave Michael Fassbender
74%
2007 There Will Be Blood Paul Dano
74%
2018 Vice Sam Rockwell
74%
2017 Three Billboards Outside Ebbing, Missouri Sam Rockwell
74%
2012 Lincoln Tommy Lee Jones
74%
2007 No Country for Old Men Tommy Lee Jones
74%
1993 The Fugitive Tommy Lee Jones
74%
1992 JFK Tommy Lee Jones
74%
2017 Three Billboards Outside Ebbing, Missouri Woody Harrelson
74%
2020 Judas and the Black Messiah Daniel Kaluuya
68%
2016 Lion Dev Patel
68%
2000 Billy Elliot Gary Lewis
68%
2010 The King's Speech Geoffrey Rush
68%
1998 Shakespeare in Love Geoffrey Rush
68%
1998 Elizabeth Geoffrey Rush
68%
1983 The King of Comedy Jerry Lewis
68%
2011 Moneyball Jonah Hill
68%
2022 Everything Everywhere All at Once Ke Huy Quan
68%
1999 The Cider House Rules Michael Caine
68%
1979 Apocalypse Now Robert Duvall
68%
1977 Network Robert Duvall
68%
1972 The Godfather Robert Duvall
68%
1989 Indiana Jones and the Last Crusade Sean Connery
68%
1987 The Untouchables Sean Connery
68%
2009 The Lovely Bones Stanley Tucci
68%
2025 Sentimental Value Stellan Skarsgård
68%
2014 Foxcatcher Steve Carell
68%
2018 Beautiful Boy Timothée Chalamet
68%
2003 Big Fish Albert Finney
63%
2000 Erin Brockovich Albert Finney
63%
2022 The Banshees of Inisherin Barry Keoghan
63%
2020 Calm with Horses Barry Keoghan
63%
2022 The Banshees of Inisherin Brendan Gleeson
63%
2008 In Bruges Brendan Gleeson
63%
2002 Catch Me If You Can Christopher Walken
63%
1979 The Deer Hunter Christopher Walken
63%
1992 Unforgiven Gene Hackman
63%
1978 Superman Gene Hackman
63%
2006 The Last King of Scotland James McAvoy
63%
2016 Hell or High Water Jeff Bridges
63%
2005 Crash Matt Dillon
63%
2002 Road to Perdition Paul Newman
63%
1988 The Last Emperor Peter O'Toole
63%
2003 Mystic River Tim Robbins
63%
2016 Nocturnal Animals Aaron Taylor-Johnson
58%
2004 The Aviator Alan Alda
58%
1990 Crimes and Misdemeanors Alan Alda
58%
1991 The Commitments Andrew Strong
58%
1993 Schindler's List Ben Kingsley
58%
1997 Boogie Nights Burt Reynolds
58%
2004 Closer Clive Owen
58%
2024 The Brutalist Guy Pearce
58%
2015 Beasts of No Nation Idris Elba
58%
2024 The Apprentice Jeremy Strong
58%
2021 The Power of the Dog Jesse Plemons
58%
2011 The Iron Lady Jim Broadbent
58%
2001 Moulin Rouge! Jim Broadbent
58%
1990 The Field John Hurt
58%
1979 Alien John Hurt
58%
1978 Midnight Express John Hurt
58%
1971 10 Rillington Place John Hurt
58%
2015 Bridge of Spies Mark Rylance
58%
1989 A Dry White Season Marlon Brando
58%
1995 Ed Wood Martin Landau
58%
2017 The Florida Project Willem Dafoe
58%
1972 The Last Picture Show Ben Johnson
53%
2013 Rush Daniel Brühl
53%
2000 Gladiator Oliver Reed
53%
2007 Michael Clayton Tom Wilkinson
53%
1998 Shakespeare in Love Tom Wilkinson
53%
1997 The Full Monty Tom Wilkinson
53%
1976 One Flew Over the Cuckoo's Nest Brad Dourif
47%
2022 The Good Nurse Eddie Redmayne
47%
1978 Julia Jason Robards
47%
1976 All the President's Men Jason Robards
47%
1974 Chinatown John Huston
47%
1993 In the Line of Fire John Malkovich
47%
2006 The Queen Michael Sheen
47%
2001 Harry Potter and the Philosopher's Stone Robbie Coltrane
47%
1999 American Beauty Wes Bentley
47%
2024 Anora Yura Borisov
47%
2009 An Education Alfred Molina
42%
2002 Frida Alfred Molina
42%
1986 A Room with a View Denholm Elliott
42%
1985 Defence of the Realm Denholm Elliott
42%
1984 A Private Function Denholm Elliott
42%
1983 Trading Places Denholm Elliott
42%
1981 Raiders of the Lost Ark Denholm Elliott
42%
1979 Saint Jack Denholm Elliott
42%
1973 A Doll's House Denholm Elliott
42%
1975 The Towering Inferno Fred Astaire
42%
1970 They Shoot Horses, Don't They? Gig Young
42%
1995 The Madness of King George Ian Holm
42%
1984 Greystoke: The Legend of Tarzan, Lord of the Apes Ian Holm
42%
1981 Chariots of Fire Ian Holm
42%
1968 The Bofors Gun Ian Holm
42%
1996 Shine John Gielgud
42%
1985 Plenty John Gielgud
42%
1981 Arthur John Gielgud
42%
1974 Murder on the Orient Express John Gielgud
42%
1969 Oh! What a Lovely War Laurence Olivier
42%
2020 One Night in Miami... Leslie Odom Jr.
42%
1988 A Fish Called Wanda Michael Palin
42%
1995 Rob Roy Tim Roth
42%
2021 CODA Troy Kotsur
42%
2013 Captain Phillips Barkhad Abdi
37%
2003 Love Actually Bill Nighy
37%
2021 Belfast Ciarán Hinds
37%
2005 Crash Don Cheadle
37%
1992 The Crying Game Jaye Davidson
37%
2021 The Power of the Dog Kodi Smit-McPhee
37%
2020 Sound of Metal Paul Raci
37%
1996 The Crucible Paul Scofield
37%
1994 Quiz Show Paul Scofield
37%
2004 Vera Drake Phil Davis
37%
2023 The Holdovers Dominic Sessa
32%
2003 Master and Commander: The Far Side of the World Paul Bettany
32%
2025 I Swear Peter Mullan
32%
1974 The Last Detail Randy Quaid
32%
1999 Notting Hill Rhys Ifans
32%
1997 My Best Friend's Wedding Rupert Everett
32%
2024 Sing Sing Clarence Maclin
26%
2001 Iris Hugh Bonneville
26%
1970 Ryan's Daughter John Mills
26%
2022 Empire of Light Micheal Ward
26%
2021 West Side Story Mike Faist
26%
2010 The Town Pete Postlethwaite
26%
1984 Greystoke: The Legend of Tarzan, Lord of the Apes Ralph Richardson
26%
1972 Lady Caroline Lamb Ralph Richardson
26%
1991 Hamlet Alan Bates
21%
2022 All Quiet on the Western Front Albrecht Schuch
21%
1975 The Day of the Locust Burgess Meredith
21%
1978 Close Encounters of the Third Kind François Truffaut
21%
1986 Out of Africa Klaus Maria Brandauer
21%
1976 All the President's Men Martin Balsam
21%
1975 The Taking of Pelham One Two Three Martin Balsam
21%
1999 Topsy-Turvy Timothy Spall
21%
1983 Local Hero Burt Lancaster
16%
1975 Shampoo Jack Warden
16%
1994 Four Weddings and a Funeral Simon Callow
16%
1986 A Room with a View Simon Callow
16%
2020 Minari Alan Kim
11%
2020 Da 5 Bloods Clarke Peters
11%
1991 Dead Again Derek Jacobi
11%
2006 Venus Leslie Phillips
11%
1997 The Full Monty Mark Addy
11%
1989 My Left Foot Ray McAnally
11%
1986 The Mission Ray McAnally
11%
1992 Howards End Samuel West
11%
2021 C'mon C'mon Woody Norman
11%
1970 The Railway Children Bernard Cribbins
5%
1983 The Honorary Consul Bob Hoskins
5%
2009 Me and Orson Welles Christian McKay
5%
1987 Jean de Florette Daniel Auteuil
5%
1982 The Return of the Soldier Frank Finlay
5%
1968 No Way to Treat a Lady George Segal
5%
1994 Four Weddings and a Funeral John Hannah
5%
1969 Bullitt Robert Vaughn
5%
1974 Stardust Adam Faith
0%
1973 O Lucky Man! Arthur Lowe
0%
1977 Equus Colin Blakely
0%
1970 Kes Colin Welland
0%
1988 A World Apart David Suchet
0%
1987 Hope and Glory Ian Bannen
0%
1973 The Offence Ian Bannen
0%
1971 Get Carter Ian Hendry
0%
1969 Goodbye, Columbus Jack Klugman
0%
1968 Romeo and Juliet John McEnery
0%
1987 Cry Freedom John Thaw
0%
1988 White Mischief Joss Ackland
0%
1972 The Boy Friend Max Adrian
0%
1984 Gorky Park Michael Elphick
0%
1971 The Go-Between Michael Gough
0%
1976 The Slipper and the Rose Michael Hordern
0%
1973 The Day of the Jackal Michael Lonsdale
0%
1981 Chariots of Fire Nigel Havers
0%
2004 The Motorcycle Diaries Rodrigo de la Serna
0%
1982 Gandhi Roshan Seth
0%
1985 My Beautiful Laundrette Saeed Jaffrey
0%
1990 Cinema Paradiso Salvatore Cascio
0%
1977 The Front Zero Mostel
0%
No matching quizzes found
Score Distribution
Percent of People with Each Score
Percentile by Number Answered
Your Score History
You have not taken this quiz since the last reset